Manchester City - Top 10 Goalscorers by season - Statistics

General Stats
  • This quiz has been taken 310 times
  • The average score is 28 of 40
Answer Stats
Answer % Correct
Erling Haaland
100%
Kevin De Bruyne
100%
Ilkay Gundogan
99%
Bernardo Silva
98%
Phil Foden
98%
Riyad Mahrez
98%
Sergio Aguero
98%
David Silva
96%
Julian Alvarez
94%
Raheem Sterling
94%
Yaya Touré
92%
Edin Dzeko
91%
Rodri
90%
John Stones
88%
Gabriel Jesus
87%
Jack Grealish
85%
Leroy Sané
84%
Fernandinho
82%
Vincent Kompany
80%
Joao Cancelo
78%
Mario Balotelli
75%
Carlos Tevez
70%
Aymeric Laporte
69%
Nicolas Otamendi
66%
Aleksandar Kolarov
64%
Samir Nasri
64%
Pablo Zabaleta
60%
Ferran Torres
58%
Kelechi Iheanacho
54%
Stevan Jovetic
54%
James Milner
51%
Jesus Navas
49%
Wilfried Bony
46%
Alvaro Negredo
44%
Gareth Barry
42%
Nolito
40%
Frank Lampard
30%
Javi Garcia
25%
Adam Johnson
23%
Jack Rodwell
9%
No matching quizzes found
Score Distribution
Percent of People with Each Score
Percentile by Number Answered
Your Score History
You have not taken this quiz